[Event "San Francisco TNM Wilkerson U2000 op"]
[Site "San Francisco"]
[Date "2020.02.18"]
[Round "6"]
[White "Drane, Robert W"]
[Black "Mercado, Adam"]
[Result "1-0"]
[WhiteElo "1743"]
[BlackElo "1709"]
[PlyCount "71"]
[EventDate "2020.01.07"]
[EventType "swiss"]
[EventRounds "7"]
[EventCountry "USA"]
[SourceTitle "EXT 2021"]
[Source "ChessBase"]
[SourceDate "2020.10.23"]
[SourceVersion "1"]
[SourceVersionDate "2020.10.23"]
[SourceQuality "1"]

1. e4 c5 2. Nf3 Nc6 3. Bb5 g6 4. Bxc6 bxc6 5. 0-0 Bg7 6. Nc3 Nf6 7. d3 Rb8 8. Rb1 0-0 9. h3 d6 10. Be3 Nd7 11. Qd2 Re8 12. Bh6 Bh8 13. Ng5 Nf8 14. f4 Ne6 15. Nxe6 fxe6 16. f5 exf5 17. exf5 Bd4+ 18. Kh1 Bxf5 19. g4 Be6 20. Rbe1 Bf7 21. Qf4 Bf6 22. g5 Rxb2 23. gxf6 e5 24. Qc1 Qd7 25. Kh2 Reb8 26. Qd2 Qc7 27. Re4 d5 28. Rh4 R8b4 29. Bg5 c4 30. dxc4 d4 31. Nd1 Rxa2 32. Qxb4 Rxc2+ 33. Rf2 d3 34. Qe7 Rxf2+ 35. Nxf2 Qa5 36. Rxh7 1-0

[Event "San Francisco TNM Fall op"]
[Site "San Francisco"]
[Date "2017.12.12"]
[Round "8"]
[White "Mclain, Julian"]
[Black "Drane, Robert W"]
[Result "0-1"]
[WhiteElo "1506"]
[BlackElo "1833"]
[PlyCount "58"]
[EventDate "2017.10.24"]
[EventType "swiss"]
[EventRounds "9"]
[EventCountry "USA"]
[SourceTitle "EXT 2023"]
[Source "ChessBase"]
[SourceDate "2022.10.05"]
[SourceVersion "1"]
[SourceVersionDate "2022.10.05"]
[SourceQuality "1"]

1. Nf3 f5 2. d4 Nf6 3. e3 e6 4. c4 b6 5. Nc3 Bb4 6. a3 Bxc3+ 7. bxc3 0-0 8. Bd2 Bb7 9. Rb1 Qe7 10. c5 Be4 11. Rb4 bxc5 12. Rb2 Nc6 13. Ng5 Rab8 14. Qc1 Rxb2 15. Qxb2 Rb8 16. Qa2 Bb1 17. Qc4 h6 18. Nf3 cxd4 19. Bd3 Na5 20. Qxc7 Nc6 21. Ne5 Nd5 22. Nxc6 Nxc7 23. Nxe7+ Kf7 24. cxd4 Bxd3 25. Bb4 Na6 26. Kd2 Nxb4 27. axb4 Bc4 28. Rc1 Ba6 29. Ra1 Rb6 0-1

[Event "San Francisco Grey Memorial"]
[Site "San Francisco"]
[Date "2017.08.29"]
[Round "4"]
[White "Fuentes, Romulo C"]
[Black "Drane, Robert W"]
[Result "1-0"]
[WhiteElo "2143"]
[BlackElo "1817"]
[PlyCount "81"]
[EventDate "2017.08.08"]
[EventType "swiss"]
[EventRounds "9"]
[EventCountry "USA"]
[SourceTitle "EXT 2023"]
[Source "ChessBase"]
[SourceDate "2022.10.05"]
[SourceVersion "1"]
[SourceVersionDate "2022.10.05"]
[SourceQuality "1"]

1. e4 Nf6 2. Bc4 Nxe4 3. Bxf7+ Kxf7 4. Qh5+ Kg8 5. Qd5+ e6 6. Qxe4 d5 7. Qe3 c5 8. Nf3 Nc6 9. d3 Bd6 10. c4 Bd7 11. 0-0 Qf6 12. Na3 a6 13. Nc2 d4 14. Qe2 h6 15. Nd2 Re8 16. Ne4 Qe7 17. Bd2 Kh7 18. Rab1 Rhf8 19. b4 cxb4 20. Nxd6 Qxd6 21. Nxb4 Qe5 22. Rfe1 Rf5 23. Nc2 Qf6 24. Rxb7 Re5 25. Qf1 Rxe1 26. Nxe1 Nb8 27. Qe2 Qg6 28. Rb6 Bc6 29. f3 e5 30. Bb4 Qf6 31. Qf2 Qd8 32. Ba5 Qd6 33. Rb2 Nd7 34. Bb4 Qg6 35. Re2 Re6 36. Rb2 Rf6 37. Qe2 Re6 38. Nc2 Rf6 39. Ne1 Qg5 40. Be7 Bxf3 41. Bxf6 1-0

[Event "San Francisco Grey Memorial"]
[Site "San Francisco"]
[Date "2017.08.22"]
[Round "3"]
[White "Poblete, Tyrone C"]
[Black "Drane, Robert W"]
[Result "0-1"]
[WhiteElo "1154"]
[BlackElo "1817"]
[PlyCount "78"]
[EventDate "2017.08.08"]
[EventType "swiss"]
[EventRounds "9"]
[EventCountry "USA"]
[SourceTitle "EXT 2023"]
[Source "ChessBase"]
[SourceDate "2022.10.05"]
[SourceVersion "1"]
[SourceVersionDate "2022.10.05"]
[SourceQuality "1"]

1. e4 Nf6 2. Nc3 d5 3. d4 Nxe4 4. Bd3 Nxc3 5. bxc3 c5 6. Nf3 Bg4 7. Be2 Nc6 8. 0-0 e6 9. Re1 Bd6 10. Ng5 Bf5 11. Bg4 g6 12. Bxf5 gxf5 13. Qh5 Kd7 14. Ba3 Rf8 15. Bxc5 Bxc5 16. dxc5 Qe7 17. Rab1 Kc7 18. Nf3 Qxc5 19. Qxh7 Qxc3 20. Ng5 Rae8 21. Nxe6+ Kd6 22. Qg7 d4 23. Qg3+ Qxg3 24. fxg3 Rxe6 25. Rxe6+ fxe6 26. Rxb7 e5 27. h4 e4 28. Rh7 Ne5 29. Rxa7 Rc8 30. Ra6+ Kd5 31. Ra5+ Rc5 32. Ra8 Rxc2 33. Rd8+ Kc4 34. Rc8+ Kd3 35. Rxc2 Kxc2 36. a4 Ng4 37. a5 d3 38. a6 d2 39. a7 d1Q# 0-1

[Event "San Francisco TNM Summer op"]
[Site "San Francisco"]
[Date "2017.07.11"]
[Round "7"]
[White "Newey, Richard H"]
[Black "Drane, Robert W"]
[Result "1-0"]
[WhiteElo "1745"]
[BlackElo "1850"]
[PlyCount "43"]
[EventDate "2017.05.23"]
[EventType "swiss"]
[EventRounds "8"]
[EventCountry "USA"]
[SourceTitle "EXT 2023"]
[Source "ChessBase"]
[SourceDate "2022.10.05"]
[SourceVersion "1"]
[SourceVersionDate "2022.10.05"]
[SourceQuality "1"]

1. e4 Nf6 2. Nc3 d5 3. e5 Ne4 4. d4 Nxc3 5. bxc3 c5 6. Bb5+ Bd7 7. Qe2 e6 8. Nf3 Nc6 9. 0-0 a6 10. Bxc6 Bxc6 11. a4 Qd7 12. Be3 Bxa4 13. c4 cxd4 14. Nxd4 Bc5 15. Nb5 axb5 16. Bxc5 Qc6 17. Bd6 Qxc4 18. Qe3 Ra6 19. Qg5 Rxd6 20. Qxg7 Rf8 21. exd6 Kd7 22. Qxf8 1-0

[Event "San Francisco TNM Winter op"]
[Site "San Francisco"]
[Date "2017.01.10"]
[Round "2"]
[White "Drane, Robert W"]
[Black "Winslow, Elliott C"]
[Result "0-1"]
[WhiteElo "1840"]
[BlackElo "2222"]
[PlyCount "80"]
[EventDate "2017.01.03"]
[EventType "swiss"]
[EventRounds "8"]
[EventCountry "USA"]
[SourceTitle "EXT 2018"]
[Source "ChessBase"]
[SourceDate "2017.10.13"]
[SourceVersion "1"]
[SourceVersionDate "2017.10.13"]
[SourceQuality "1"]

1. e4 c5 2. Nf3 e6 3. g3 Nf6 4. Qe2 Nc6 5. Bg2 Be7 6. c3 d5 7. e5 Nd7 8. d3 Qc7 9. Bf4 g5 10. Nxg5 Bxg5 11. Bxg5 Qxe5 12. Qxe5 Ncxe5 13. Kd2 f6 14. Bf4 Kf7 15. Na3 a6 16. Rae1 b5 17. Bh3 Nf3+ 18. Kd1 Nxe1 19. Rxe1 e5 20. Bd2 Nb6 21. Bg2 Bg4+ 22. f3 Bf5 23. c4 Bxd3 24. cxd5 Rhe8 25. Ba5 Nxd5 26. Kd2 Bg6 27. Nc2 Bxc2 28. Kxc2 f5 29. g4 f4 30. Bd2 Rac8 31. Bh3 Kg6 32. Bf1 c4 33. b3 c3 34. Bc1 Nb4+ 35. Kb1 Rcd8 36. a3 Rd1 37. Bd3+ Rxd3 38. axb4 Rxf3 39. Rd1 e4 40. h4 e3 0-1

[Event "San Francisco TNM Fall op"]
[Site "San Francisco"]
[Date "2016.12.06"]
[Round "8"]
[White "Jensen, Christian Patrick"]
[Black "Drane, Robert W"]
[Result "1/2-1/2"]
[WhiteElo "1799"]
[BlackElo "1953"]
[PlyCount "43"]
[EventDate "2016.10.18"]
[EventType "swiss"]
[EventRounds "9"]
[EventCountry "USA"]
[SourceTitle "EXT 2018"]
[Source "ChessBase"]
[SourceDate "2017.10.13"]
[SourceVersion "1"]
[SourceVersionDate "2017.10.13"]
[SourceQuality "1"]

1. e4 Nf6 2. e5 Nd5 3. c4 Nb6 4. d4 d6 5. exd6 exd6 6. Nc3 Be7 7. Be3 0-0 8. Qf3 Nc6 9. b3 Bf6 10. Nge2 Re8 11. Rd1 g6 12. g4 Bd7 13. Bg2 Bg7 14. Qg3 Nb4 15. Rd2 Bc6 16. a3 Bxg2 17. Qxg2 Nc6 18. 0-0 Qe7 19. Nf4 Rad8 20. Nfd5 Qd7 21. Bh6 Ne7 22. Bxg7 1/2-1/2

[Event "San Francisco TNM Fall op"]
[Site "San Francisco"]
[Date "2016.11.29"]
[Round "7"]
[White "Drane, Robert W"]
[Black "Yanofsky, Kevin"]
[Result "1-0"]
[WhiteElo "1953"]
[BlackElo "1694"]
[PlyCount "93"]
[EventDate "2016.10.18"]
[EventType "swiss"]
[EventRounds "9"]
[EventCountry "USA"]
[SourceTitle "EXT 2018"]
[Source "ChessBase"]
[SourceDate "2017.10.13"]
[SourceVersion "1"]
[SourceVersionDate "2017.10.13"]
[SourceQuality "1"]

1. e4 c5 2. Nf3 g6 3. d4 cxd4 4. Qxd4 Nf6 5. Nc3 Nc6 6. Qa4 d6 7. e5 dxe5 8. Nxe5 Bd7 9. Nxd7 Nxd7 10. Be3 a6 11. Rd1 b5 12. Qe4 Qc7 13. Nd5 Qb7 14. Bb6 Rc8 15. Bd4 Rg8 16. Be2 Qa8 17. Bg4 f5 18. Qe6 Nxd4 19. Rxd4 Rg7 20. Bf3 Qb8 21. Nb4 Qe5+ 22. Qxe5 Nxe5 23. Bb7 Rc4 24. Rxc4 Nxc4 25. Bxa6 Nxb2 26. Bxb5+ Kd8 27. Ke2 e5 28. a3 Rb7 29. c4 e4 30. f3 exf3+ 31. gxf3 Bxb4 32. axb4 Nxc4 33. Rd1+ Ke7 34. Bxc4 Rxb4 35. Bg8 Rb2+ 36. Rd2 Rxd2+ 37. Kxd2 h6 38. Ke3 g5 39. h3 Kf6 40. Bc4 Kg6 41. Bf1 Kf6 42. Kd4 g4 43. f4 g3 44. Bg2 h5 45. h4 Ke6 46. Kc5 Kf6 47. Kd5 1-0

[Event "San Francisco TNM Fall op"]
[Site "San Francisco"]
[Date "2016.10.25"]
[Round "2"]
[White "Drane, Robert W"]
[Black "Touset, Stephen"]
[Result "0-1"]
[WhiteElo "1953"]
[BlackElo "1469"]
[PlyCount "56"]
[EventDate "2016.10.18"]
[EventType "swiss"]
[EventRounds "9"]
[EventCountry "USA"]
[SourceTitle "EXT 2018"]
[Source "ChessBase"]
[SourceDate "2017.10.13"]
[SourceVersion "1"]
[SourceVersionDate "2017.10.13"]
[SourceQuality "1"]

1. e4 d6 2. d4 Nf6 3. Bd3 e5 4. c3 Be7 5. Nf3 Bg4 6. Nbd2 Nbd7 7. h3 Bh5 8. Nf1 Bg6 9. dxe5 dxe5 10. Ng3 Nc5 11. Nxe5 Nxd3+ 12. Nxd3 Nxe4 13. Qa4+ c6 14. Ne5 Nxg3 15. Nxg6 fxg6 16. fxg3 0-0 17. Bd2 Qd3 18. 0-0-0 Qxg3 19. Qb3+ Kh8 20. Qxb7 Bg5 21. Qxc6 Rad8 22. Qc5 Bxd2+ 23. Rxd2 Qf4 24. Rhd1 Rf5 25. Qf2 Qxf2 26. Rxd8+ Rf8 27. R8d2 Qf4 28. Kc2 h6 0-1

[Event "San Francisco Benson Memorial"]
[Site "San Francisco"]
[Date "2016.09.27"]
[Round "9"]
[White "Mcenroe, Glenn Austin"]
[Black "Drane, Robert W"]
[Result "0-1"]
[WhiteElo "1508"]
[BlackElo "1953"]
[PlyCount "64"]
[EventDate "2016.08.02"]
[EventType "swiss"]
[EventRounds "9"]
[EventCountry "USA"]
[SourceTitle "EXT 2018"]
[Source "ChessBase"]
[SourceDate "2017.10.13"]
[SourceVersion "1"]
[SourceVersionDate "2017.10.13"]
[SourceQuality "1"]

1. e4 Nf6 2. e5 Nd5 3. d4 d6 4. c4 Nb6 5. exd6 exd6 6. Nc3 Be7 7. Be3 Nc6 8. Nf3 Bg4 9. Be2 Bxf3 10. Bxf3 0-0 11. b3 Bf6 12. 0-0 Nc8 13. Qd2 N8e7 14. Ne4 Nf5 15. Nxf6+ Qxf6 16. Bxc6 bxc6 17. Rac1 Rfe8 18. Rfe1 h6 19. Qc3 a5 20. d5 Qxc3 21. Rxc3 c5 22. Kf1 a4 23. Rcc1 axb3 24. axb3 Ra3 25. Rb1 Rb8 26. Bd2 Raxb3 27. Re8+ Rxe8 28. Rxb3 Nd4 29. Rb7 Ra8 30. Rxc7 Ra1+ 31. Be1 Kf8 32. f3 Nc2 0-1

[Event "San Francisco Benson Memorial"]
[Site "San Francisco"]
[Date "2016.09.20"]
[Round "8"]
[White "Drane, Robert W"]
[Black "Rakonitz, David"]
[Result "0-1"]
[WhiteElo "1953"]
[BlackElo "1646"]
[PlyCount "97"]
[EventDate "2016.08.02"]
[EventType "swiss"]
[EventRounds "9"]
[EventCountry "USA"]
[SourceTitle "EXT 2018"]
[Source "ChessBase"]
[SourceDate "2017.10.13"]
[SourceVersion "1"]
[SourceVersionDate "2017.10.13"]
[SourceQuality "1"]

1. e4 e6 2. b3 d5 3. Bb2 dxe4 4. Nc3 Nf6 5. Qe2 Be7 6. 0-0-0 0-0 7. Nxe4 Nc6 8. d4 a5 9. a3 a4 10. Nc5 axb3 11. cxb3 b6 12. Na4 Qd5 13. Qf3 Bb7 14. Qxd5 Nxd5 15. Bb5 Bd6 16. Ne2 Nce7 17. Rhg1 Bc6 18. Bxc6 Nxc6 19. g3 Na5 20. Kc2 Nb7 21. Ra1 Rfc8 22. Nac3 Nf6 23. f3 Nd8 24. b4 Nc6 25. Rgc1 Ne7 26. Nb5 Ned5 27. Nxd6 cxd6+ 28. Kd3 Kf8 29. Rxc8+ Rxc8 30. Rc1 Rxc1 31. Bxc1 b5 32. Nc3 Nxc3 33. Kxc3 Nd5+ 34. Kb3 Nb6 35. Bf4 Ke7 36. Bd2 Kd7 37. h4 h5 38. Be3 d5 39. Bf4 Kc6 40. g4 g6 41. Bb8 Kb7 42. Bd6 Kc6 43. Bc5 Nc4 44. gxh5 gxh5 45. f4 Nd2+ 46. Kc2 Nf3 47. Kb3 Nxh4 48. a4 Nf5 49. a5 0-1

[Event "San Francisco Benson Memorial"]
[Site "San Francisco"]
[Date "2016.09.06"]
[Round "6"]
[White "Drane, Robert W"]
[Black "Yang, Eric"]
[Result "1-0"]
[WhiteElo "1953"]
[BlackElo "1851"]
[PlyCount "61"]
[EventDate "2016.08.02"]
[EventType "swiss"]
[EventRounds "9"]
[EventCountry "USA"]
[SourceTitle "EXT 2018"]
[Source "ChessBase"]
[SourceDate "2017.10.13"]
[SourceVersion "1"]
[SourceVersionDate "2017.10.13"]
[SourceQuality "1"]

1. e4 e5 2. Bc4 Nf6 3. d3 Bc5 4. Nc3 0-0 5. f4 exf4 6. Nf3 c6 7. d4 Bb4 8. Bd3 Nxe4 9. Bxe4 Bxc3+ 10. bxc3 Re8 11. Ne5 d6 12. Qf3 dxe5 13. dxe5 Qh4+ 14. g3 Qg4 15. Qd3 Na6 16. Bxf4 Nc5 17. Bxh7+ Kh8 18. Qe3 Kxh7 19. Qxc5 Qf3 20. Rf1 Qe4+ 21. Kf2 Bh3 22. Rg1 Qxc2+ 23. Kf3 Rad8 24. Rae1 Rd3+ 25. Re3 Rd2 26. g4 Rf2+ 27. Kg3 Rxh2 28. Kh4 Qf2+ 29. Kg5 Qxg1 30. Rxh3+ Rxh3 31. Qxg1 1-0

[Event "San Francisco TNM Summer op"]
[Site "San Francisco"]
[Date "2016.07.05"]
[Round "7"]
[White "Smith Iii, Robert H"]
[Black "Drane, Robert W"]
[Result "0-1"]
[WhiteElo "1770"]
[BlackElo "2012"]
[PlyCount "111"]
[EventDate "2016.05.24"]
[EventType "swiss"]
[EventRounds "8"]
[EventCountry "USA"]
[SourceTitle "EXT 2018"]
[Source "ChessBase"]
[SourceDate "2017.10.13"]
[SourceVersion "1"]
[SourceVersionDate "2017.10.13"]
[SourceQuality "1"]

1. e4 Nf6 2. e5 Nd5 3. d4 d6 4. Nf3 dxe5 5. Nxe5 c6 6. c4 Nb4 7. a3 Qxd4 8. axb4 Qxe5+ 9. Be2 Bg4 10. Nc3 Bxe2 11. Nxe2 Qe4 12. Qd4 Qxd4 13. Nxd4 Nd7 14. f4 e5 15. Nc2 Be7 16. 0-0 0-0 17. Bd2 Bf6 18. Bc3 Rfe8 19. fxe5 Nxe5 20. Ne3 Bg5 21. Nf5 Nxc4 22. Nxg7 Re2 23. Nf5 Ne3 24. Nxe3 Bxe3+ 25. Kh1 Re8 26. Rae1 Bb6 27. Rxe2 Rxe2 28. Rd1 Kf8 29. Rd7 Re7 30. Rd6 Bc7 31. Rd3 Ke8 32. Rh3 f6 33. g4 Be5 34. Kg2 Kd7 35. Rd3+ Ke6 36. h4 h5 37. Kf3 hxg4+ 38. Kxg4 Rg7+ 39. Kh3 Bxc3 40. bxc3 f5 41. Rd4 Ke5 42. h5 b6 43. Rh4 c5 44. h6 Rh7 45. b5 Kf6 46. Kg3 Kg5 47. Rh3 Rxh6 48. Rxh6 Kxh6 49. Kf4 Kg6 50. Kf3 Kg5 51. Kg3 f4+ 52. Kf3 c4 53. Kf2 Kf5 54. Kf3 Ke5 55. Kf2 Ke4 56. Ke2 0-1

[Event "San Francisco TNM Summer op"]
[Site "San Francisco"]
[Date "2016.06.14"]
[Round "4"]
[White "Drane, Robert W"]
[Black "Sherwood, Peter"]
[Result "0-1"]
[WhiteElo "2012"]
[BlackElo "1672"]
[PlyCount "82"]
[EventDate "2016.05.24"]
[EventType "swiss"]
[EventRounds "8"]
[EventCountry "USA"]
[SourceTitle "EXT 2018"]
[Source "ChessBase"]
[SourceDate "2017.10.13"]
[SourceVersion "1"]
[SourceVersionDate "2017.10.13"]
[SourceQuality "1"]

1. e4 c5 2. Nf3 d6 3. Bb5+ Bd7 4. Bxd7+ Qxd7 5. c4 Nf6 6. Nc3 g6 7. d4 cxd4 8. Nxd4 Bg7 9. f3 0-0 10. Be3 Nc6 11. Rc1 Rac8 12. Nde2 Rc7 13. b3 Qc8 14. Qd2 a6 15. g4 Ne5 16. 0-0 Nfxg4 17. Nd5 Nxe3 18. Qxe3 Qh3 19. Nef4 Qd7 20. Nxc7 Qxc7 21. Nd5 Qd7 22. Kg2 f5 23. h3 f4 24. Qd2 g5 25. Kh1 Qxh3+ 26. Qh2 Qxh2+ 27. Kxh2 Kf7 28. c5 Nd3 29. Rc2 Nxc5 30. b4 Ne6 31. Rfc1 Nd4 32. Rc7 Bf6 33. Rxb7 Nxf3+ 34. Kg2 Nd2 35. Nxf6 Kxf6 36. e5+ dxe5 37. Rc6+ Kf5 38. Rxe7 h5 39. Rc5 f3+ 40. Kh2 f2 41. Rexe5+ Kf4 0-1

[Event "San Francisco TNM Summer op"]
[Site "San Francisco"]
[Date "2016.05.31"]
[Round "2"]
[White "Drane, Robert W"]
[Black "Bacus, Ephraim Cubero"]
[Result "1-0"]
[WhiteElo "2012"]
[BlackElo "1836"]
[PlyCount "43"]
[EventDate "2016.05.24"]
[EventType "swiss"]
[EventRounds "8"]
[EventCountry "USA"]
[SourceTitle "EXT 2018"]
[Source "ChessBase"]
[SourceDate "2017.10.13"]
[SourceVersion "1"]
[SourceVersionDate "2017.10.13"]
[SourceQuality "1"]

1. e4 e5 2. Bc4 g6 3. f4 Nf6 4. fxe5 d5 5. exd5 Nxd5 6. Nf3 Bg7 7. d4 0-0 8. 0-0 Nc6 9. Bg5 Qd7 10. c3 Na5 11. Bd3 b5 12. Qe2 a6 13. Nbd2 Qg4 14. Ne4 Nb7 15. h3 Qe6 16. c4 Nb4 17. d5 Qd7 18. Nf6+ Bxf6 19. Bxf6 h6 20. Qd2 Kh7 21. Ng5+ hxg5 22. Qxg5 1-0

[Event "San Francisco TNM Spring op"]
[Site "San Francisco"]
[Date "2016.04.19"]
[Round "6"]
[White "Newey, Richard H"]
[Black "Drane, Robert W"]
[Result "1-0"]
[WhiteElo "1819"]
[BlackElo "2012"]
[PlyCount "97"]
[EventDate "2016.03.15"]
[EventType "swiss"]
[EventRounds "8"]
[EventCountry "USA"]
[SourceTitle "EXT 2018"]
[Source "ChessBase"]
[SourceDate "2017.10.13"]
[SourceVersion "1"]
[SourceVersionDate "2017.10.13"]
[SourceQuality "1"]

1. e4 Nf6 2. Nc3 d5 3. exd5 Nxd5 4. Bc4 Nb6 5. Bb3 Nc6 6. Qf3 e6 7. Nge2 Na5 8. 0-0 Bd7 9. d4 c5 10. dxc5 Bxc5 11. Bf4 Nxb3 12. axb3 Bc6 13. Qg3 0-0 14. Bg5 f6 15. Rad1 Qe7 16. Be3 Nd5 17. Nd4 Nxe3 18. Nxc6 bxc6 19. fxe3 Rfd8 20. Na4 Bd6 21. Qf3 Rac8 22. Rd3 Bb8 23. Rfd1 Rd5 24. e4 Rxd3 25. Rxd3 Rd8 26. Qd1 Rxd3 27. Qxd3 Qd6 28. Qxd6 Bxd6 29. h3 Kf7 30. Kf2 Ke7 31. Ke3 Bc7 32. Kd3 Kd6 33. b4 Bb6 34. c3 Bf2 35. Ke2 Bg1 36. Kd3 h5 37. b3 Ke5 38. Nc5 Bxc5 39. bxc5 Kf4 40. b4 h4 41. c4 Ke5 42. b5 cxb5 43. cxb5 f5 44. exf5 exf5 45. Kc4 g5 46. c6 g4 47. Kc5 Ke6 48. b6 axb6+ 49. Kxb6 1-0

[Event "San Francisco TNM Fall op"]
[Site "San Francisco"]
[Date "2015.12.15"]
[Round "9"]
[White "Drane, Robert W"]
[Black "Manvelyan, Hovik"]
[Result "1-0"]
[WhiteElo "1885"]
[BlackElo "1924"]
[PlyCount "100"]
[EventDate "2015.10.20"]
[EventType "swiss"]
[EventRounds "9"]
[EventCountry "USA"]
[SourceTitle "EXT 2023"]
[Source "ChessBase"]
[SourceDate "2022.10.05"]
[SourceVersion "1"]
[SourceVersionDate "2022.10.05"]
[SourceQuality "1"]

1. e4 e6 2. d4 d5 3. Nc3 Bb4 4. e5 Qd7 5. Bd3 b6 6. a3 Be7 7. Qg4 Bf8 8. f4 f5 9. Qe2 Nc6 10. Be3 Bb7 11. Nf3 Nh6 12. h3 Ne7 13. b3 Ng6 14. g3 Be7 15. Nb5 a6 16. Nc3 0-0 17. Nd1 c5 18. c3 Rfc8 19. Nf2 Qc6 20. Ng5 c4 21. bxc4 dxc4 22. Bc2 Qb5 23. Rg1 Qb2 24. Kd2 Qb5 25. Qh5 Qd7 26. g4 Bxg5 27. fxg5 Nf7 28. gxf5 exf5 29. Ke2 Rf8 30. Raf1 Nd8 31. h4 Ne6 32. Nh3 Nc7 33. Rf2 Nb5 34. Nf4 Nxf4+ 35. Rxf4 Nxc3+ 36. Ke1 g6 37. Qh6 Nd5 38. h5 Nxf4 39. Bxf4 Qg7 40. hxg6 hxg6 41. Qxg7+ Kxg7 42. Kd2 Rh8 43. Kc3 a5 44. Kxc4 Rac8+ 45. Kb3 Rh3+ 46. Rg3 Rxg3+ 47. Bxg3 Kf7 48. Bd3 Ke6 49. Bf2 Bc6 50. Kb2 b5 1-0

[Event "San Francisco TNM Fall op"]
[Site "San Francisco"]
[Date "2015.11.24"]
[Round "6"]
[White "Drane, Robert W"]
[Black "Winslow, Elliott C"]
[Result "1/2-1/2"]
[WhiteElo "1885"]
[BlackElo "2265"]
[PlyCount "128"]
[EventDate "2015.10.20"]
[EventType "swiss"]
[EventRounds "9"]
[EventCountry "USA"]
[SourceTitle "EXT 2023"]
[Source "ChessBase"]
[SourceDate "2022.10.05"]
[SourceVersion "1"]
[SourceVersionDate "2022.10.05"]
[SourceQuality "1"]

1. e4 c5 2. Nf3 e6 3. b3 a6 4. Bb2 Nc6 5. g3 Qc7 6. c4 d6 7. d4 cxd4 8. Nxd4 Nf6 9. Bg2 Be7 10. 0-0 Bd7 11. Re1 0-0 12. Nc3 Rac8 13. Qd2 Rfe8 14. Rad1 b5 15. Ndxb5 axb5 16. Nxb5 Qb8 17. Nxd6 Bxd6 18. Bxf6 gxf6 19. Qxd6 Qxd6 20. Rxd6 Rc7 21. Red1 Bc8 22. f4 Kg7 23. e5 Ne7 24. exf6+ Kxf6 25. Be4 h6 26. Kf2 Bb7 27. Bb1 h5 28. Rd7 Rec8 29. Rxc7 Rxc7 30. Rd2 Nf5 31. h3 e5 32. g4 hxg4 33. hxg4 Nd4 34. Ke3 Nf3 35. Rd1 exf4+ 36. Kxf4 Ng5 37. Bf5 Bc8 38. Rd8 Bxf5 39. gxf5 Ke7 40. Rd2 f6 41. Rd5 Rd7 42. Rb5 Rd4+ 43. Ke3 Re4+ 44. Kd3 Re5 45. c5 Rxf5 46. a4 Re5 47. a5 Kd7 48. b4 Kc7 49. a6 Re6 50. Ra5 Kb8 51. a7+ Ka8 52. b5 Nf7 53. b6 Nd8 54. Kd4 f5 55. Kd5 f4 56. Ra1 Re7 57. Kd6 Rf7 58. Re1 Rf8 59. c6 f3 60. Kd7 f2 61. Rf1 Nxc6 62. Kxc6 Rf6+ 63. Kb5 Kb7 64. Kc5 Rc6+ 1/2-1/2

[Event "San Francisco TNM Fall op"]
[Site "San Francisco"]
[Date "2015.11.17"]
[Round "5"]
[White "Ke, Ivan"]
[Black "Drane, Robert W"]
[Result "1/2-1/2"]
[WhiteElo "1885"]
[BlackElo "1885"]
[PlyCount "102"]
[EventDate "2015.10.20"]
[EventType "swiss"]
[EventRounds "9"]
[EventCountry "USA"]
[SourceTitle "EXT 2023"]
[Source "ChessBase"]
[SourceDate "2022.10.05"]
[SourceVersion "1"]
[SourceVersionDate "2022.10.05"]
[SourceQuality "1"]

1. d4 f5 2. c4 Nf6 3. Nf3 e6 4. Nc3 Bb4 5. Bd2 b6 6. g3 Bb7 7. Bg2 0-0 8. 0-0 c5 9. d5 Bxc3 10. Bxc3 Ne4 11. Rc1 d6 12. dxe6 Qe7 13. Qd3 Nxc3 14. Rxc3 Be4 15. Qd2 Nc6 16. Rd1 Rad8 17. Ng5 Bxg2 18. Kxg2 Nd4 19. e3 Nxe6 20. Qd5 Rf6 21. Rcd3 h6 22. Nxe6 Qxe6 23. Qxe6+ Rxe6 24. a4 Kf7 25. a5 bxa5 26. Rd5 Rb8 27. Rxf5+ Ke7 28. Ra1 Rxb2 29. Rxa5 Rb7 30. Kf3 Rf6 31. Ke4 Ke6 32. Rxf6+ gxf6 33. g4 h5 34. h3 hxg4 35. hxg4 Rb4 36. Kd3 Rb3+ 37. Kc2 Rb4 38. Kc3 Rb7 39. Ra6 Rd7 40. f3 Rb7 41. Ra3 Ke5 42. Kd3 Rg7 43. Rb3 a5 44. Rb8 Ke6 45. Ra8 Rb7 46. Rxa5 Rb3+ 47. Kd2 Rb2+ 48. Kc3 Rf2 49. f4 Rg2 50. f5+ Ke5 51. Ra8 Rxg4 1/2-1/2

[Event "San Francisco Leighton Memorial"]
[Site "San Francisco"]
[Date "2015.09.29"]
[Round "9"]
[White "Drane, Robert W"]
[Black "Sherwood, Peter"]
[Result "1-0"]
[WhiteElo "1885"]
[BlackElo "1748"]
[PlyCount "71"]
[EventDate "2015.08.04"]
[EventType "swiss"]
[EventRounds "9"]
[EventCountry "USA"]
[SourceTitle "EXT 2023"]
[Source "ChessBase"]
[SourceDate "2022.10.05"]
[SourceVersion "1"]
[SourceVersionDate "2022.10.05"]
[SourceQuality "1"]

1. e4 c5 2. Nf3 d6 3. Bb5+ Bd7 4. Bxd7+ Qxd7 5. c4 Nf6 6. Nc3 g6 7. d4 cxd4 8. Nxd4 Bg7 9. f3 0-0 10. Nde2 Rc8 11. b3 Nc6 12. 0-0 a6 13. Bg5 Rd8 14. Rc1 h6 15. Bxf6 Bxf6 16. Nd5 Bg7 17. Nb6 Qc7 18. Nxa8 Rxa8 19. Kh1 Qa5 20. Rc2 Rd8 21. f4 e6 22. Rd2 Qc7 23. f5 exf5 24. exf5 Be5 25. fxg6 fxg6 26. Nf4 Bxf4 27. Rxf4 Qe7 28. Rdf2 Ne5 29. Qd5+ Kg7 30. h3 Rc8 31. Rd2 Rc6 32. Re4 Qf6 33. Kg1 Nf7 34. Rf2 Rc5 35. Rxf6 Rxd5 36. Rxf7+ 1-0

[Event "San Francisco TNM Summer op"]
[Site "San Francisco"]
[Date "2015.07.07"]
[Round "7"]
[White "Stuetzel, Ezra G"]
[Black "Drane, Robert W"]
[Result "1/2-1/2"]
[WhiteElo "1549"]
[BlackElo "1923"]
[PlyCount "111"]
[EventDate "2015.05.26"]
[EventType "swiss"]
[EventRounds "8"]
[EventCountry "USA"]
[SourceTitle "EXT 2016"]
[Source "ChessBase"]
[SourceDate "2015.10.08"]
[SourceVersion "1"]
[SourceVersionDate "2015.10.08"]
[SourceQuality "1"]

1. d4 f5 2. c4 Nf6 3. Nc3 e6 4. Nf3 Bb4 5. Bd2 0-0 6. Qc2 b6 7. e3 Bb7 8. Be2 d6 9. 0-0 Bxc3 10. Bxc3 Ne4 11. Rad1 Nd7 12. Nd2 Nxd2 13. Qxd2 Qh4 14. f4 Nf6 15. d5 Ne4 16. Qd4 Nxc3 17. Qxc3 Rf6 18. Rf3 Rg6 19. Qd3 Rh6 20. Rh3 Qf6 21. Rxh6 Qxh6 22. Rf1 Qf6 23. b3 Re8 24. a4 a5 25. h3 g6 26. Bf3 Kg7 27. Rd1 e5 28. fxe5 Qxe5 29. Kf2 Bc8 30. Qd4 Bd7 31. Qxe5+ Rxe5 32. Rd4 Kf6 33. h4 h6 34. g3 g5 35. Bg2 Be8 36. hxg5+ hxg5 37. Rd1 Bh5 38. Bf3 Bg6 39. Rh1 Re7 40. Bd1 Rh7 41. Rxh7 Bxh7 42. Bc2 Bg6 43. Ke2 Bh5+ 44. Kd3 Ke5 45. Kd2 Bf3 46. Kc3 Be4 47. Bd1 Bb1 48. Bf3 g4 49. Bg2 Be4 50. Bf1 c6 51. dxc6 Bxc6 52. Be2 d5 53. cxd5 Bxd5 54. Bd3 Be6 55. Bf1 Bd5 56. Bd3 1/2-1/2